00851cam a22002651a 4500001001300000003000400013005001700017008004100034010001700075025002000092035002000112040001900132050001700151100003400168245004800202260006100250300003100311500004100342504005200383500001800435520006000453650003500513650001700548740002000565sa 68005653 DLC20260227112510.0950130s1964 ii 000 0 malo  asa 68005653  aPL480:I-Mal-796 a(OCoLC)31906100 aDLCcICRLdDLC00aQH368b.B3231 aBālar̲ām, En. I.,d1919-10aManuṣyōlpatti /cEn.I. Bālar̲āṃ. aTiruvanantapuraṃ :bPr̲abhāt Buukkȧ haus,c[1964] aiii, 139, [2] p. ;c18 cm. aTitle on added t.p.: Manushyolpathi. aIncludes bibliographical references (p. [141]). aIn Malayalam. aArcheological essays on the history of human evolution. 0aHuman beingsxOriginxHistory. 0aArchaeology.0 aManushyolpathi.